000 00711cam a2200253 4500500
005 20260329003244.0
041 _afre
042 _adc
100 1 0 _aLacroix, Alexandre
_eauthor
245 0 0 _aBrasilia. L’impossibilité du neuf
260 _c2015.
500 _a51
690 _aAlexandre Lacroix
690 _aBrasilia
690 _aBrésil
690 _aCapitale
690 _aCees Nooteboom
690 _aJungle
690 _aLúcio Costa
690 _aOscar Niemeyer
690 _aVille
786 0 _nPhilosophie magazine | 88 | 4 | 2015-04-01 | p. 23-23 | 1951-1787
856 4 1 _uhttps://shs.cairn.info/magazine-philosophie-magazine-2015-4-page-23?lang=fr&redirect-ssocas=7080
999 _c1822843
_d1822843